[Event "London Classic Open 2015"]
[Site "London ENG"]
[Date "2015.12.11"]
[Round "9.24"]
[White "Barj, Julien"]
[Black "Koop, Thorben"]
[Result "0-1"]
[BlackTitle "FM"]
[WhiteElo "2207"]
[BlackElo "2418"]
[WhiteFideId "629200"]
[BlackFideId "24661619"]
[EventDate "2015.12.04"]

1. e4 c5 2. Nf3 Nc6 3. Bb5 d6 4. O-O Bd7 5. Re1 a6 6. Bxc6 Bxc6 7. d4 cxd4 8.
Nxd4 Bd7 9. Bg5 Qa5 10. Bh4 e6 11. Nc3 Be7 12. Bxe7 Nxe7 13. Qd3 Rd8 14. Rad1
Bc8 15. Nb3 Qc7 16. Qg3 O-O 17. a4 e5 18. f4 f6 19. Kh1 Be6 20. Nc1 Bc4 21. Nd3
Qa5 0-1

[Event "London Classic Open 2015"]
[Site "London ENG"]
[Date "2015.12.11"]
[Round "9.25"]
[White "McDonald, Neil"]
[Black "Vuilleumier, Alexandre"]
[Result "0-1"]
[WhiteTitle "GM"]
[BlackTitle "IM"]
[WhiteElo "2417"]
[BlackElo "2342"]
[WhiteFideId "400629"]
[BlackFideId "1305662"]
[EventDate "2015.12.04"]

1. e4 e5 2. Nf3 Nc6 3. Bb5 f5 4. Nc3 fxe4 5. Nxe4 Nf6 6. Qe2 d5 7. Nxf6+ gxf6 8.
d4 e4 9. Nh4 Be6 10. c3 Qd6 11. f3 a6 12. Ba4 O-O-O 13. O-O f5 14. fxe4 fxe4 15.
Bf4 Qd7 16. Bg5 Re8 17. b4 Rg8 18. Bf6 Be7 19. b5 Na5 20. Rab1 Nc4 21. Bxe7 Rxe7
22. Rf6 Bg4 23. Qc2 a5 24. b6 c6 25. Qf2 e3 26. Qg3 e2 27. Nf3 Re6 28. Rf4 Reg6
29. Bc2 R6g7 30. Kh1 Bxf3 31. Qxf3 Qe7 32. Bf5+ Kd8 33. Re1 Rxg2 34. Bg4 Ne3 35.
Rxe2 Rxe2 0-1

[Event "London Classic Open 2015"]
[Site "London ENG"]
[Date "2015.12.11"]
[Round "9.26"]
[White "Jones, Steven A"]
[Black "Roberson, Peter T"]
[Result "1/2-1/2"]
[BlackTitle "IM"]
[WhiteElo "2160"]
[BlackElo "2407"]
[WhiteFideId "419630"]
[BlackFideId "412384"]
[EventDate "2015.12.04"]

1. e4 e6 2. d4 d5 3. Nc3 Nf6 4. Bg5 Bb4 5. exd5 Qxd5 6. Bxf6 gxf6 7. Qd2 Qa5 8.
Bd3 Bxc3 9. bxc3 Bd7 10. Ne2 Bc6 11. Qf4 Nd7 12. Be4 Bxe4 13. Qxe4 O-O-O 14. O-O
f5 15. Qd3 Rhg8 16. Rfb1 Ne5 17. Rb5 Nxd3 18. Rxa5 Nb2 19. Rxa7 Nc4 1/2-1/2

[Event "London Classic Open 2015"]
[Site "London ENG"]
[Date "2015.12.11"]
[Round "9.27"]
[White "Korley, Kassa"]
[Black "Papp, Petra"]
[Result "1-0"]
[WhiteTitle "IM"]
[BlackTitle "WGM"]
[WhiteElo "2389"]
[BlackElo "2336"]
[WhiteFideId "2033801"]
[BlackFideId "739049"]
[EventDate "2015.12.04"]

1. Nf3 Nf6 2. g3 g6 3. Bg2 Bg7 4. O-O O-O 5. d4 d5 6. c4 dxc4 7. Na3 c3 8. bxc3
c5 9. Bb2 Nc6 10. e3 Bf5 11. Qe2 Qb6 12. Rfd1 Rad8 13. Nc4 Qa6 14. a4 Bg4 15.
Qf1 Ne4 16. a5 cxd4 17. cxd4 Qb5 18. Ncd2 Qxf1+ 19. Rxf1 Bf5 20. Nc4 Be6 21.
Rfc1 Bd5 22. Ne1 f5 23. Nd3 g5 24. f3 Nf6 25. Nc5 Rb8 26. f4 gxf4 27. gxf4 e6
28. Bxd5 exd5 29. Nd6 Nxa5 30. Ne6 Nb3 31. Rc7 Nxa1 32. Rxg7+ Kh8 33. Bxa1 Ne4
34. Nf7+ Rxf7 35. Rxf7 a5 36. Rxf5 Re8 37. Nc5 b5 38. Rxd5 Nd2 39. Rd7 Rxe3 40.
d5+ Kg8 41. Rg7+ Kf8 42. Ne6+ Ke8 43. Bf6 Re1+ 44. Kg2 Re2+ 45. Kh3 Re3+ 46. Kg4
h5+ 47. Kf5 1-0

[Event "London Classic Open 2015"]
[Site "London ENG"]
[Date "2015.12.11"]
[Round "9.28"]
[White "Giannatos, Peter"]
[Black "Kiik, Kalle"]
[Result "0-1"]
[BlackTitle "IM"]
[WhiteElo "2149"]
[BlackElo "2382"]
[WhiteFideId "2041650"]
[BlackFideId "4500075"]
[EventDate "2015.12.04"]

1. e4 d6 2. d4 Nf6 3. Nc3 Nbd7 4. Nf3 e5 5. Bc4 Be7 6. O-O O-O 7. Re1 a6 8. a4
b6 9. b3 Bb7 10. Bb2 c6 11. Bf1 Qc7 12. Qd2 Rfe8 13. d5 cxd5 14. Nxd5 Bxd5 15.
exd5 Bf8 16. c4 a5 17. Ba3 g6 18. Reb1 Ne4 19. Qc2 Nec5 20. Ra2 Bg7 21. Bb2 Na6
22. Qd1 Nb4 23. Raa1 h6 24. Bc3 Qc5 25. Ne1 e4 26. Bxg7 Kxg7 27. Nc2 Re5 28. Ne3
h5 29. h4 f5 30. g3 Nf6 31. Qd2 Rf8 32. Re1 Ng4 33. Be2 Nxe3 34. fxe3 f4 35.
gxf4 Rxf4 36. Kg2 Rxh4 37. Kg3 g5 38. Rh1 Rxh1 39. Rxh1 h4+ 40. Kh3 Nc2 41. Qxc2
Qxe3+ 42. Kg4 Qg3+ 43. Kh5 g4# 0-1

[Event "London Classic Open 2015"]
[Site "London ENG"]
[Date "2015.12.11"]
[Round "9.29"]
[White "Guramishvili, Sopiko"]
[Black "Richardson, John R"]
[Result "1-0"]
[WhiteTitle "IM"]
[BlackTitle "FM"]
[WhiteElo "2368"]
[BlackElo "2302"]
[WhiteFideId "13602888"]
[BlackFideId "401617"]
[EventDate "2015.12.04"]

1. c4 Nf6 2. Nc3 e6 3. e4 d6 4. d4 Nbd7 5. Nf3 e5 6. Be2 c6 7. O-O Be7 8. h3 O-O
9. Be3 Re8 10. Qc2 Bf8 11. Rad1 Qc7 12. c5 exd4 13. cxd6 Bxd6 14. Bxd4 Ne5 15.
Nxe5 Bxe5 16. Bxe5 Qxe5 17. f4 Qc5+ 18. Kh2 Be6 19. Bd3 h6 20. Qe2 Rad8 21. Rfe1
Qb4 22. Rd2 b5 23. Qf2 Qd4 24. Qf3 b4 25. Ne2 Qb6 26. b3 Bc8 27. Red1 Bb7 28. e5
c5 29. Qf2 Ne4 30. Bxe4 Bxe4 31. Ng3 Ba8 32. Nf5 Rxd2 33. Rxd2 Rf8 34. Qg3 g6
35. Nxh6+ Kh7 36. Qh4 Kg7 37. Nf5+ gxf5 38. Rd6 f6 39. exf6+ 1-0

[Event "London Classic Open 2015"]
[Site "London ENG"]
[Date "2015.12.11"]
[Round "9.30"]
[White "Lokander, Martin"]
[Black "Kugler, Florian"]
[Result "1-0"]
[WhiteTitle "FM"]
[WhiteElo "2367"]
[BlackElo "2213"]
[WhiteFideId "1709569"]
[BlackFideId "4633300"]
[EventDate "2015.12.04"]

1. d4 Nf6 2. c4 g6 3. Nc3 d5 4. Bf4 Bg7 5. e3 O-O 6. Nf3 c5 7. dxc5 Qa5 8. Rc1
dxc4 9. Bxc4 Ne4 10. Be5 Nc6 11. Bxg7 Kxg7 12. Nd4 e5 13. Nxc6 bxc6 14. Qa4 Qxa4
15. Nxa4 Rb8 16. f3 Nf6 17. a3 e4 18. b4 Nd7 19. f4 Nf6 20. Nc3 Rd8 21. h3 a5
22. Rb1 axb4 23. axb4 Ra8 24. Ke2 Ra3 25. Rhd1 Rxd1 26. Nxd1 Be6 27. Bxe6 fxe6
28. Rb2 Nd5 29. Kd2 Kf7 30. g4 Ke8 31. b5 Kd7 32. b6 Kc8 33. Rc2 Rd3+ 34. Ke2
Kb8 35. g5 Ra3 36. Kf2 Rd3 37. Ke2 Ra3 38. h4 Rd3 39. Rc1 Ra3 40. Kd2 Rd3+ 41.
Ke2 Ra3 42. Kd2 Rd3+ 43. Kc2 Ra3 44. Kb2 Rd3 45. Ra1 Rd2+ 46. Kc1 Rh2 47. Ra7
Rxh4 48. Nf2 Nxf4 49. exf4 Rxf4 50. Nd1 Rf5 51. Ra5 Rxg5 52. Ne3 h5 53. Nc2 Rg1+
54. Kb2 Rg2 55. Kc3 Rg3+ 56. Kc4 e3 57. Nd4 Rg4 58. Kd3 e2 59. Nxc6+ Kb7 60.
Nd8+ Kc8 61. Ra8+ Kd7 62. Kxe2 1-0

[Event "London Classic Open 2015"]
[Site "London ENG"]
[Date "2015.12.11"]
[Round "9.31"]
[White "Tania, Sachdev"]
[Black "Williamson, Roger G"]
[Result "1-0"]
[WhiteTitle "IM"]
[WhiteElo "2357"]
[BlackElo "2172"]
[WhiteFideId "5007844"]
[BlackFideId "414620"]
[EventDate "2015.12.04"]

1. d4 d5 2. c4 c6 3. Nf3 e6 4. Nc3 Nf6 5. Qb3 a6 6. Bg5 dxc4 7. Qxc4 b5 8. Qd3
c5 9. O-O-O Bb7 10. d5 Nbd7 11. e4 Qa5 12. Nd2 c4 13. Qh3 e5 14. f4 h6 15. Bxf6
gxf6 16. Kb1 Bd6 17. Ne2 Bb4 18. Nc3 exf4 19. Be2 Ne5 20. Rc1 Rc8 21. Qf5 Ke7
22. Qxf4 Ng6 23. Qf5 Bd6 24. Bh5 Rcg8 25. Rhf1 Be5 26. Nf3 Qc7 27. Bxg6 Bc8 28.
d6+ Qxd6 29. Nd5+ Kd8 30. Nxe5 fxe5 31. Qxf7 Rxg6 32. Rcd1 Bd7 33. Nb6 Rf8 34.
Qxf8+ 1-0

[Event "London Classic Open 2015"]
[Site "London ENG"]
[Date "2015.12.11"]
[Round "9.32"]
[White "Kalaiyalahan, Akshaya"]
[Black "Jackson, James P"]
[Result "1-0"]
[BlackTitle "FM"]
[WhiteElo "2157"]
[BlackElo "2355"]
[WhiteFideId "422894"]
[BlackFideId "416860"]
[EventDate "2015.12.04"]

1. d4 Nf6 2. c4 c5 3. d5 e6 4. Nc3 exd5 5. cxd5 d6 6. Nf3 g6 7. Bf4 a6 8. a4 Bg7
9. h3 O-O 10. e3 Re8 11. Nd2 Nbd7 12. Be2 Ne5 13. O-O Nfd7 14. Bh2 f5 15. a5 b5
16. axb6 Nxb6 17. Qc2 Qf6 18. Ra3 h5 19. Rfa1 Kh7 20. Bxa6 Bxa6 21. Rxa6 Rab8
22. Ra7 Kh8 23. R1a6 Nec4 24. Nxc4 Nxc4 25. Na4 Rb4 26. Bxd6 Nxd6 27. Qxc5 Rxa4
28. Rxa4 Qxb2 29. Rxg7 Kxg7 30. Qxd6 Qb7 31. Rc4 Qb1+ 32. Kh2 Qb8 33. Rc7+ Kh6
34. Qf4+ g5 35. Qd6+ 1-0

[Event "London Classic Open 2015"]
[Site "London ENG"]
[Date "2015.12.11"]
[Round "9.34"]
[White "Arkell, Keith C"]
[Black "Lercel, Michal"]
[Result "0-1"]
[WhiteTitle "GM"]
[WhiteElo "2490"]
[BlackElo "2228"]
[WhiteFideId "400270"]
[BlackFideId "1114700"]
[EventDate "2015.12.04"]

1. d4 Nf6 2. Nf3 g6 3. c4 Bg7 4. Nc3 d6 5. g3 O-O 6. Bg2 Nc6 7. O-O a6 8. b3 Rb8
9. Nd5 Nh5 10. Bb2 e6 11. Nc3 b5 12. d5 Ne7 13. dxe6 Bxe6 14. cxb5 axb5 15. Qd2
Nf6 16. Ng5 b4 17. Nce4 Nxe4 18. Bxe4 Bxb2 19. Qxb2 Rb5 20. Nxe6 fxe6 21. Rac1
Qb8 22. Bg2 Qa7 23. Rc2 Ra5 24. e3 Nd5 25. Bxd5 Rxd5 26. Rfc1 Rf7 27. Rd2 Ra5
28. Rc4 Qb6 29. Re4 d5 30. Rg4 c5 31. h4 Qd8 32. h5 Qf6 33. hxg6 hxg6 34. Qxf6
Rxf6 35. e4 Kf7 36. exd5 exd5 37. Rg5 Rd6 38. Rg4 d4 39. Kg2 Rda6 40. Rc2 Kf6
41. Kf3 g5 42. Re4 Re6 43. Rxe6+ Kxe6 44. Ke4 Kd6 45. Kd3 g4 46. Ke4 Ra8 47. Kf4
Kd5 48. Kxg4 d3 49. Rc1 Rxa2 50. Kf3 Rc2 51. Rd1 Kd4 52. g4 c4 53. bxc4 b3 54.
g5 b2 55. g6 Rxc4 56. g7 Rc8 57. Rb1 Kc3 58. Ke4 Re8+ 0-1

[Event "London Classic Open 2015"]
[Site "London ENG"]
[Date "2015.12.11"]
[Round "9.35"]
[White "Gulamali, Kazim"]
[Black "Coleman, David J"]
[Result "1-0"]
[WhiteTitle "FM"]
[BlackTitle "CM"]
[WhiteElo "2379"]
[BlackElo "2176"]
[WhiteFideId "2024764"]
[BlackFideId "402087"]
[EventDate "2015.12.04"]

1. e4 c5 2. Nf3 d6 3. d4 cxd4 4. Nxd4 Nf6 5. Nc3 a6 6. h3 e5 7. Nb3 Be6 8. Be3
h5 9. Nd5 Nbd7 10. Qd3 Rc8 11. c4 g6 12. Be2 h4 13. O-O Bg7 14. Bg5 Bxd5 15.
cxd5 Bf8 16. Rac1 Rxc1 17. Rxc1 Be7 18. Be3 O-O 19. Nd2 Qb8 20. Qc4 Bd8 21. b4
Nb6 22. Qc2 Nfd7 23. Bh6 Re8 24. Be3 Be7 25. Bg4 Rc8 26. Qxc8+ Nxc8 27. Bxd7 Na7
28. a4 b6 29. b5 axb5 30. axb5 Bd8 31. Nc4 Kg7 32. Ra1 Bc7 33. Bc6 Nxc6 34. dxc6
Qd8 35. Ra7 Qb8 36. Rb7 Qd8 37. Nxb6 Bxb6 38. Bxb6 Qa8 39. Rd7 Qa1+ 40. Kh2 Qb2
41. c7 Qxb5 42. c8=Q Qxb6 43. Qc2 1-0

[Event "London Classic Open 2015"]
[Site "London ENG"]
[Date "2015.12.11"]
[Round "9.37"]
[White "Ilfeld, Etan"]
[Black "Bates, Richard A"]
[Result "0-1"]
[BlackTitle "IM"]
[WhiteElo "2199"]
[BlackElo "2331"]
[WhiteFideId "2803470"]
[BlackFideId "403555"]
[EventDate "2015.12.04"]

1. d4 Nf6 2. c4 e6 3. Nc3 Bb4 4. Nf3 b6 5. Qc2 Bb7 6. a3 Bxc3+ 7. Qxc3 O-O 8. g3
d5 9. Bg2 c5 10. O-O Nc6 11. dxc5 Ne4 12. Qc2 bxc5 13. cxd5 exd5 14. Rd1 Qe7 15.
e3 Rfd8 16. b3 Rac8 17. Bb2 f6 18. Nd2 Nxd2 19. Rxd2 d4 20. exd4 Nxd4 21. Qc4+
Kf8 22. Bxd4 cxd4 23. Qb4 Bxg2 24. Qxe7+ Kxe7 25. Kxg2 Rc3 26. Re1+ Kf7 27. Rb1
a5 28. a4 d3 29. b4 Rc2 30. Rxc2 dxc2 31. Rc1 axb4 32. Rxc2 Ra8 33. Ra2 Ke6 34.
a5 Kd5 35. a6 b3 36. Ra5+ Kc4 37. Ra4+ Kc3 38. Ra5 Kb4 39. Ra1 b2 40. Rb1 Kb3 0-1

[Event "London Classic Open 2015"]
[Site "London ENG"]
[Date "2015.12.11"]
[Round "9.38"]
[White "Haribalu, V."]
[Black "Buchicchio, Giampaolo"]
[Result "1-0"]
[BlackTitle "FM"]
[WhiteElo "2174"]
[BlackElo "2313"]
[WhiteFideId "5015189"]
[BlackFideId "811491"]
[EventDate "2015.12.04"]

1. d4 b6 2. e4 Bb7 3. Bd3 Nf6 4. Qe2 e6 5. Bg5 h6 6. Bh4 c5 7. f4 c4 8. Bxc4 g5
9. fxg5 Nxe4 10. Qh5 Nxg5 11. Nh3 Rg8 12. Nxg5 hxg5 13. O-O Qe7 14. Bg3 d5 15.
Bd3 Ba6 16. Nc3 Bxd3 17. cxd3 Qd7 18. Nxd5 Rg6 19. Nc7+ Ke7 20. Rxf7+ Kxf7 21.
Rf1+ Ke7 22. Qxg6 Qxd4+ 23. Kh1 1-0

[Event "London Classic Open 2015"]
[Site "London ENG"]
[Date "2015.12.11"]
[Round "9.39"]
[White "Gross, Willi"]
[Black "Cederstam Barsk, Carl"]
[Result "1/2-1/2"]
[BlackTitle "FM"]
[WhiteElo "2095"]
[BlackElo "2291"]
[WhiteFideId "1270470"]
[BlackFideId "1713329"]
[EventDate "2015.12.04"]

1. d4 Nf6 2. c4 e6 3. Nc3 Bb4 4. Bg5 h6 5. Bh4 c5 6. d5 b5 7. Rc1 bxc4 8. e4
exd5 9. Bxf6 Qxf6 10. Qxd5 Qg5 11. Qxg5 hxg5 12. Nf3 f6 13. Bxc4 Nc6 14. O-O g4
15. Nd2 Bxc3 16. bxc3 Rb8 17. Rb1 Rxb1 18. Rxb1 Kd8 19. Nf1 Re8 20. Bd5 1/2-1/2

[Event "London Classic Open 2015"]
[Site "London ENG"]
[Date "2015.12.11"]
[Round "9.41"]
[White "Stachanczyk, Jacek"]
[Black "Lam, Daniel King-wai"]
[Result "1/2-1/2"]
[WhiteTitle "IM"]
[WhiteElo "2258"]
[BlackElo "2147"]
[WhiteFideId "1116657"]
[BlackFideId "6001238"]
[EventDate "2015.12.04"]

1. e4 c5 2. Nf3 d6 3. d4 cxd4 4. Nxd4 Nf6 5. Nc3 a6 6. Bg5 Nbd7 7. Qe2 e6 8.
O-O-O Be7 9. f4 Qc7 10. g4 b5 11. a3 Bb7 12. Kb1 Rc8 13. h4 h6 14. Bxf6 gxf6 15.
f5 e5 16. Nb3 Nb6 17. Bh3 Nc4 18. Nd5 Bxd5 19. Rxd5 Qb6 20. g5 hxg5 21. hxg5 Qe3
22. Qxe3 Nxe3 23. Rd3 Ng4 24. Rf1 Rxh3 25. Rxh3 fxg5 26. Rg3 Nf6 27. Nd2 g4 28.
b3 Kd7 29. Kb2 Rh8 30. Rf2 Bd8 31. Re2 Rh1 32. b4 Rh6 33. c3 Rh4 34. Reg2 Rh1
35. Re2 Rh4 36. Reg2 Rh1 37. Re2 1/2-1/2

[Event "London Classic Open 2015"]
[Site "London ENG"]
[Date "2015.12.11"]
[Round "9.42"]
[White "Sucikova, Svetlana"]
[Black "Therrien, Alex L"]
[Result "1-0"]
[BlackTitle "FM"]
[WhiteElo "2070"]
[BlackElo "2252"]
[WhiteFideId "14923653"]
[BlackFideId "412856"]
[EventDate "2015.12.04"]

1. c4 c6 2. Nf3 d5 3. e3 Nf6 4. b3 Bf5 5. Bb2 e6 6. Be2 h6 7. O-O Nbd7 8. d3 Bd6
9. Nbd2 O-O 10. Re1 Bh7 11. e4 dxe4 12. Nxe4 Nxe4 13. dxe4 Bb4 14. Rf1 Bxe4 15.
Qd4 Nf6 16. Qe3 Bh7 17. Rad1 Qe7 18. Bxf6 Qxf6 19. Rd7 b6 20. Ne5 Bc5 21. Qg3
Rad8 22. Rfd1 Rxd7 23. Nxd7 Qb2 24. Bh5 Rc8 25. Qf3 f6 26. Nxc5 bxc5 27. Qxc6
Rf8 28. Qxe6+ Kh8 29. Qe7 Ra8 30. Bf3 Qc2 31. Qxc5 Re8 32. Qd4 Qxa2 33. b4 Bc2
34. Ra1 Qb3 35. b5 Bd3 36. Bd5 Rc8 37. Rc1 Be2 38. Qe3 Qxe3 39. fxe3 Rc5 40. Kf2
Bg4 41. e4 Bd7 42. Ra1 Rc7 43. Ke3 g5 44. Kd4 Kg7 45. Ra5 Kf8 46. c5 1-0

[Event "London Classic Open 2015"]
[Site "London ENG"]
[Date "2015.12.11"]
[Round "9.43"]
[White "Peiris, T G M"]
[Black "Cordes, Hans-Joerg"]
[Result "1/2-1/2"]
[BlackTitle "FM"]
[WhiteElo "2099"]
[BlackElo "2250"]
[WhiteFideId "9901310"]
[BlackFideId "4602234"]
[EventDate "2015.12.04"]

1. e4 e6 2. d4 d5 3. Nd2 Be7 4. c3 c5 5. dxc5 Nf6 6. Bd3 a5 7. Qe2 Na6 8. e5 Nd7
9. Ngf3 Naxc5 10. Bc2 b6 11. O-O Ba6 12. c4 dxc4 13. Nxc4 b5 14. Ne3 Qc7 15. b3
Nxe5 16. Bb2 Bf6 17. Nxe5 Bxe5 18. Nd5 Bxh2+ 19. Kh1 Qd8 20. Kxh2 Qxd5 21. Bxg7
b4 22. Qg4 h5 23. Qh3 Rg8 24. Rfd1 Qg5 25. Bd4 Be2 26. Be3 Qe5+ 27. f4 Qc3 28.
Rdc1 Bg4 29. Qg3 Nd3 30. Bxd3 Qxd3 31. Rc7 Rd8 32. Rac1 Kf8 33. Ra7 Rd7 34. Rxa5
Rg6 35. Rc8+ Kg7 36. Raa8 f6 37. Rg8+ Kh7 38. Rh8+ Kg7 39. Rag8+ Kf7 40. Rf8+
Kg7 41. Rb8 Qe4 42. f5 Qxf5 43. Rbg8+ Kf7 44. Qb8 Qe5+ 45. Qxe5 fxe5 46. Rh7+
Kxg8 47. Rxd7 Rg7 48. Rxg7+ Kxg7 49. Bd2 Bf5 50. Bxb4 Bb1 51. a4 Bc2 52. a5 Bxb3
53. g3 Bc4 54. Kg2 Kf6 55. Kf3 Kf5 56. Bd6 1/2-1/2

[Event "London Classic Open 2015"]
[Site "London ENG"]
[Date "2015.12.11"]
[Round "9.44"]
[White "Ronka, Erik"]
[Black "Cumming, Rhys"]
[Result "0-1"]
[WhiteElo "2248"]
[BlackElo "2140"]
[WhiteFideId "505080"]
[BlackFideId "470163"]
[EventDate "2015.12.04"]

1. d4 Nf6 2. c4 g6 3. f3 d5 4. cxd5 Nxd5 5. e4 Nb6 6. Nc3 Bg7 7. Be3 O-O 8. Qd2
Nc6 9. O-O-O Qd6 10. Nb5 Qd7 11. f4 Qe6 12. Nc3 Nc4 13. Qe2 N6a5 14. Nf3 c5 15.
e5 cxd4 16. Nxd4 Qa6 17. Bf2 Rd8 18. b3 Nxb3+ 19. Nxb3 Qa3+ 20. Kb1 Bf5+ 21. Ka1
Rxd1+ 22. Nxd1 Na5 0-1

[Event "London Classic Open 2015"]
[Site "London ENG"]
[Date "2015.12.11"]
[Round "9.45"]
[White "De Coverly, Roger D"]
[Black "Haussernot, Cecile"]
[Result "1/2-1/2"]
[BlackTitle "WFM"]
[WhiteElo "2037"]
[BlackElo "2242"]
[WhiteFideId "405213"]
[BlackFideId "601632"]
[EventDate "2015.12.04"]

1. e4 c5 2. Nf3 d6 3. g3 Nc6 4. Bg2 g6 5. O-O Bg7 6. c3 h5 7. d4 cxd4 8. cxd4
Bg4 9. Be3 Nf6 10. Nc3 d5 11. e5 Ne4 12. Qb3 Nxc3 13. bxc3 O-O 14. Qxb7 Na5 15.
Qb1 Rb8 16. Qc1 Qc7 17. Bh6 Rfc8 18. Bxg7 Kxg7 19. Ng5 f6 20. h3 Bf5 21. Nf3
Qxc3 22. exf6+ exf6 23. Qf4 Qc7 24. Qxc7+ Rxc7 25. Rfe1 Be4 26. Nd2 Bxg2 27.
Kxg2 Rb2 28. Nb3 Nxb3 29. axb3 Rxb3 30. Ra6 Rb4 31. Rd1 Kf7 32. Kf3 Rb3+ 33. Kg2
Rb4 34. Re1 Rb6 35. Ra5 Rd7 36. Rea1 Rb4 37. Rd1 Rc4 38. Rd2 Rb4 39. Kf3 Rb3+
40. Kg2 Rb4 41. Kf3 Rb3+ 42. Kg2 Rb4 1/2-1/2

[Event "London Classic Open 2015"]
[Site "London ENG"]
[Date "2015.12.11"]
[Round "9.46"]
[White "Lahtela, Silvo"]
[Black "Asenov, Pavel"]
[Result "1-0"]
[WhiteElo "2236"]
[BlackElo "2098"]
[WhiteFideId "4634276"]
[BlackFideId "433705"]
[EventDate "2015.12.04"]

1. d4 d6 2. e4 Nf6 3. f3 g6 4. c4 Bg7 5. Nc3 O-O 6. Be3 a6 7. Qd2 c6 8. a4 a5 9.
Bd3 Na6 10. Rd1 e5 11. Nge2 Nb4 12. Bb1 Nd7 13. O-O Qc7 14. Kh1 f5 15. f4 fxe4
16. fxe5 dxe5 17. Nxe4 Nf6 18. Nxf6+ Bxf6 19. Bh6 Rf7 20. dxe5 Rd7 21. Rxf6 1-0

[Event "London Classic Open 2015"]
[Site "London ENG"]
[Date "2015.12.11"]
[Round "9.47"]
[White "Stigar, Petter"]
[Black "Compton, Alistair"]
[Result "1-0"]
[WhiteTitle "FM"]
[WhiteElo "2233"]
[BlackElo "2061"]
[WhiteFideId "1500341"]
[BlackFideId "4300645"]
[EventDate "2015.12.04"]

1. Nf3 d5 2. d4 e6 3. c4 c5 4. cxd5 exd5 5. g3 Nc6 6. Bg2 Nf6 7. O-O Be7 8. Nc3
O-O 9. dxc5 Bxc5 10. Bg5 d4 11. Ne4 Be7 12. Bxf6 Bxf6 13. b4 Bg4 14. b5 Bxf3 15.
exf3 Nb4 16. Qb3 Nd5 17. Rfd1 Rc8 18. Nxf6+ Nxf6 19. Qa4 d3 20. Qa3 Qb6 21. Qxd3
Rfd8 22. Qb3 h6 23. f4 Ng4 24. Qf3 Rxd1+ 25. Rxd1 Rc2 26. Rf1 Nf6 27. a4 Qa5 28.
Qb3 Rc3 29. Qa2 Qc7 30. Qd2 Rc2 31. Qd4 b6 32. Bc6 Qe7 33. Rd1 Qe2 34. Qd8+ Kh7
35. Qd3+ Qxd3 36. Rxd3 Ra2 37. Rd4 Ng4 38. Bd5 Rb2 39. Bxf7 Nxf2 40. Be6 Kg6 41.
Kf1 Kf6 42. Bd7 g6 43. Ke1 Ra2 44. Bc8 Rc2 45. Bd7 Ra2 46. Kf1 Rb2 47. Bc8 Rc2
48. Rd6+ Kf7 49. Rd7+ Kf6 50. Rd6+ Kf7 51. f5 gxf5 52. Bxf5 Rc5 53. g4 Nh3 54.
Kg2 Rc3 55. Rxh6 Nf4+ 56. Kf2 Ra3 57. g5 Rxa4 58. Rh7+ Kf8 59. Kf3 Nd5 60. Be4
Kg8 61. Rb7 Nc3 62. Bc6 Rb4 63. Rxa7 Nxb5 64. Bxb5 Rxb5 65. Kg4 Rb4+ 66. Kh5 b5
67. h4 Kf8 68. Rb7 Ke8 69. g6 Kf8 70. Kg5 Rb1 71. Kh6 1-0

[Event "London Classic Open 2015"]
[Site "London ENG"]
[Date "2015.12.11"]
[Round "9.48"]
[White "Serntedakis, Athanasios"]
[Black "Radovanovic, Jovica"]
[Result "0-1"]
[BlackTitle "FM"]
[WhiteElo "2091"]
[BlackElo "2321"]
[WhiteFideId "4239423"]
[BlackFideId "915912"]
[EventDate "2015.12.04"]

1. e4 c5 2. Nc3 Nc6 3. Bb5 Nd4 4. Bc4 e6 5. Nge2 Nf6 6. O-O a6 7. d3 b5 8. Bb3
Nxb3 9. axb3 Bb7 10. f4 Qc7 11. Ng3 h5 12. h3 h4 13. Nge2 d5 14. e5 d4 15. exf6
dxc3 16. f5 gxf6 17. Nxc3 Rg8 18. Rf2 O-O-O 19. Qe2 exf5 20. Bf4 Bd6 21. Bxd6
Rxd6 22. Qh5 Rg5 23. Qxh4 Rd4 24. Qh8+ Rd8 25. Qxf6 Rdg8 26. Ne2 Rxg2+ 27. Kf1
Rxf2+ 28. Kxf2 Qh2+ 29. Ke1 Qh1+ 30. Kd2 Qxa1 31. Qxf7 Rd8 32. Qxf5+ Kb8 33. Qf6
Rc8 34. Nc1 Qa5+ 35. c3 Qc7 36. Ne2 Qh2 37. Qf4+ Qxf4+ 38. Nxf4 Kc7 0-1

[Event "London Classic Open 2015"]
[Site "London ENG"]
[Date "2015.12.11"]
[Round "9.49"]
[White "Liu, Yi"]
[Black "De Abreu, Roberto N"]
[Result "1/2-1/2"]
[WhiteTitle "FM"]
[BlackTitle "FM"]
[WhiteElo "2306"]
[BlackElo "2056"]
[WhiteFideId "3210588"]
[BlackFideId "14307472"]
[EventDate "2015.12.04"]

1. e4 e6 2. d4 d5 3. Nd2 Nf6 4. e5 Nfd7 5. f4 c5 6. c3 Nc6 7. Ndf3 Qb6 8. g3
cxd4 9. cxd4 Be7 10. Bh3 O-O 11. Kf1 f6 12. Kg2 fxe5 13. fxe5 Ndxe5 14. dxe5
Nxe5 15. Qe2 Nc4 16. Bf4 Bf6 17. Re1 e5 18. b3 exf4 19. bxc4 g5 20. Bxc8 Raxc8
21. gxf4 Rxc4 22. fxg5 Rg4+ 23. Kh3 Re4 24. Qd2 Qe6+ 25. Kg2 Qg4+ 26. Kf1 Bd4
27. Qd3 Bxg1 28. Qxd5+ Kh8 29. Qxe4 Rxf3+ 30. Qxf3 Qxf3+ 31. Kxg1 Kg7 32. h4
Qg3+ 33. Kf1 Qf3+ 34. Kg1 Qg3+ 35. Kf1 b5 36. Re7+ Kg8 37. Re8+ 1/2-1/2

[Event "London Classic Open 2015"]
[Site "London ENG"]
[Date "2015.12.11"]
[Round "9.50"]
[White "Jameson, David"]
[Black "Haugli, Petter"]
[Result "0-1"]
[BlackTitle "IM"]
[WhiteElo "2088"]
[BlackElo "2260"]
[WhiteFideId "1801538"]
[BlackFideId "1500104"]
[EventDate "2015.12.04"]

1. e4 d6 2. d4 Nf6 3. Nc3 e5 4. dxe5 dxe5 5. Qxd8+ Kxd8 6. Bg5 Be6 7. O-O-O+ Kc8
8. f4 exf4 9. e5 h6 10. Bxf6 gxf6 11. exf6 Nd7 12. Be2 Nxf6 13. Bf3 c6 14. h3
Bc5 15. Nge2 Be3+ 16. Kb1 Kc7 17. Nd4 Bd7 18. Rhf1 Rae8 19. b4 Re5 20. Nb3 Rg8
21. Nc1 Rgg5 22. Nd3 Re8 23. a3 a5 24. Nf2 axb4 25. axb4 Bf5 26. Kb2 Rgg8 27.
Rde1 Bd4 28. Rd1 Rd8 29. Nd3 Be3 30. Ne2 Bxd3 31. Rxd3 Rxd3 32. cxd3 Kd6 33. Kb3
Ke5 34. Ra1 Kd6 35. Ra5 Nd5 36. Nc3 Nc7 37. Rh5 Rg6 38. Ne4+ Ke7 39. Ra5 Ne6 40.
Ra2 f5 41. Bh5 Rg8 42. Nc5 Bxc5 43. bxc5 Nxc5+ 44. Kc4 Kd6 45. Bf3 b5+ 46. Kc3
Rb8 47. d4 Ne4+ 48. Kd3 Kd5 49. Rc2 b4 50. Rc5+ Kd6 51. Rxf5 Ng5 52. Rf6+ Ke7
53. Rxc6 Nxf3 54. gxf3 b3 55. Rc1 Kd6 56. Ke4 b2 57. Rb1 Rb3 58. h4 Ke6 59. Kxf4
Kd5 60. Kf5 Rb6 61. f4 Kxd4 62. h5 Ke3 63. Ke5 Rb5+ 64. Kf6 Kxf4 65. Kg7 Kg5 0-1